000 00287nam a22001337a 4500
008 171113b xxu||||| |||| 00| 0 eng d
020 _a0136414079
041 _aeng
080 _a338
100 _a53
101 _aMAN
245 _aORGANIZATION THEORY
_cJOHN.H.J
942 _2udc
_cBK
999 _c38263
_d38263